| 000 | 00334nam a22001457a 4500 | ||
|---|---|---|---|
| 003 | SGT | ||
| 020 | _a978 81 7371 718 5 | ||
| 082 |
_a616.01 _bM15A |
||
| 100 | _aASHBEE, H. RUTH | ||
| 245 | _aTEXT BOOK OF MICROBIOLOGY FOR NURSES | ||
| 250 | _a1ST | ||
| 260 |
_aDELHI _bUNIVERSITY PRESS _c2015 |
||
| 300 | _a302 | ||
| 942 |
_2ddc _cBK _042 |
||
| 999 |
_c8174 _d8174 |
||